Statistics for JR東日本 各駅の乗車人員ベスト100

Click here to take the quiz!

General Stats

  • This quiz has been taken 2,058 times
  • The average score is 81 of 100

Answer Stats

順位都道府県Answer利用客数% Correct
1東京都新宿522,178
100%
3神奈川県横浜303,759
99%
4東京都東京282,638
99%
5東京都渋谷248,505
98%
6東京都品川212,502
98%
7埼玉県大宮203,160
98%
2東京都池袋407,490
98%
11東京都秋葉原161,529
97%
14東京都上野122,085
97%
10神奈川県川崎162,712
97%
29千葉県千葉86,911
95%
9東京都新橋167,406
94%
43東京都神田71,824
94%
33東京都日暮里82,115
94%
52東京都八王子65,571
94%
16千葉県船橋109,860
93%
20東京都大崎103,733
93%
12東京都高田馬場150,734
93%
41東京都目黒74,660
92%
80東京都代々木45,933
92%
21東京都有楽町102,785
92%
13東京都立川130,820
92%
36東京都赤羽78,321
91%
38埼玉県浦和77,670
91%
25東京都浜松町96,933
91%
50宮城県仙台67,626
90%
40東京都西日暮里76,556
90%
23東京都恵比寿99,136
90%
17東京都中野108,524
90%
15千葉県西船橋110,680
90%
27神奈川県武蔵小杉91,146
89%
24東京都田町98,213
89%
44東京都御茶ノ水71,248
89%
78東京都原宿46,455
89%
58東京都巣鴨56,737
88%
42東京都三鷹73,648
88%
66東京都御徒町49,721
88%
100東京都新大久保35,722
88%
8東京都北千住168,566
88%
26東京都五反田93,684
88%
39神奈川県大船77,670
87%
83東京都大塚44,393
87%
37千葉県松戸78,216
87%
22千葉県100,705
87%
81神奈川県新横浜44,741
86%
19東京都蒲田104,338
86%
98東京都駒込37,059
85%
31東京都国分寺86,199
85%
35東京都錦糸町78,597
84%
56神奈川県鶴見61,833
83%
18東京都吉祥寺107,875
83%
75埼玉県南浦和47,285
83%
51埼玉県川口66,919
83%
28神奈川県藤沢87,586
83%
46東京都荻窪70,366
83%
77千葉県舞浜46,815
82%
69千葉県市川48,622
82%
45東京都四ツ谷70,948
82%
59神奈川県桜木町56,214
81%
60東京都飯田橋55,335
81%
32神奈川県戸塚85,198
81%
47東京都大井町70,324
81%
85千葉県海浜幕張43,896
80%
63東京都新木場51,956
80%
30東京都町田86,227
80%
87埼玉県武蔵浦和43,359
79%
86埼玉県さいたま新都心43,683
79%
74東京都水道橋47,336
78%
72神奈川県平塚48,330
78%
62神奈川県橋本52,078
78%
55東京都新小岩62,003
77%
34千葉県津田沼79,799
77%
48東京都大森68,751
77%
93東京都高円寺40,048
75%
90東京都国立42,070
74%
65東京都武蔵小金井49,734
74%
95神奈川県関内39,940
71%
53神奈川県登戸64,908
69%
61東京都小岩52,467
68%
71埼玉県48,441
67%
64東京都武蔵境51,755
67%
67東京都王子49,238
66%
99東京都西荻窪36,000
65%
49神奈川県武蔵溝ノ口68,305
64%
76埼玉県西川口47,138
63%
79神奈川県東戸塚45,942
63%
96千葉県稲毛39,761
63%
88埼玉県北浦和42,547
63%
94東京都浅草橋40,001
63%
97神奈川県菊名39,155
61%
70千葉県本八幡48,461
61%
89千葉県新浦安42,520
61%
82東京都亀戸44,671
61%
73神奈川県辻堂48,284
59%
68神奈川県長津田49,039
58%
54埼玉県南越谷63,141
56%
92東京都金町41,352
54%
57埼玉県北朝霞58,234
52%
91東京都市ケ谷41,847
51%
84神奈川県茅ケ崎44,264
45%

Score Distribution

Percentile by Number Answered

Percent of People with Each Score

Your Score History

You have not taken this quiz